[Event "Saint Louis Blitz 2020"]
[Site "Saint Louis"]
[Date "2020.09.18"]
[Round "6"]
[White "Nakamura, Hikaru"]
[Black "Dominguez Perez, Leinier"]
[Result "1-0"]
[WhiteElo "2736"]
[BlackElo "2758"]
[Annotator "TA"]
[PlyCount "85"]
[EventDate "2020.09.18"]
[EventType "blitz"]
[EventCountry "USA"]
[SourceTitle "playchess.com"]
[Source "ChessBase"]
[SourceQuality "1"]

{[%evp 17,85,10,25,7,6,0,0,0,14,3,11,7,13,0,6,0,0,0,0,-12,-14,-24,-23,-34,-20,-20,-20,-23,0,-2,0,-4,16,9,8,12,8,19,12,23,23,23,23,0,8,9,71,75,109,106,158,147,316,315,303,303,319,306,355,358,450,464,1422,1416,29986,964,29995,29996,29996,29997]} 1. e4 e5 2. Nf3 Nc6 3. Bb5 a6 4. Ba4 Nf6 5. d3 b5 6. Bb3 Bc5 7. a4 Rb8 8. O-O d6 9. axb5 axb5 10. h3 {C78: Ruy Lopez: Archangelsk and Möller Defences.} h6 11. Nc3 {[%cal Bb1c3,Bc3e2,Be2g3][%mdl 32]} O-O 12. Ne2 {The position is equal.} Re8 13. c3 Bb6 14. Ng3 Be6 15. Re1 d5 {[#]} (15... Ra8 {with more complications.} 16. Rxa8 Qxa8 17. Bxe6 fxe6 18. Qc2 Qa2) 16. Be3 $146 ({Predecessor:} 16. exd5 Bxd5 17. Ne4 Nxe4 18. dxe4 Bxb3 19. Qxb3 b4 20. Qc2 bxc3 21. bxc3 Qf6 22. Nh2 {½-½ (42) Khanin,S (2386)-Nesterov,A (2262) Samara 2016}) 16... Bxe3 17. Rxe3 dxe4 18. dxe4 (18. Nxe4 {keeps more tension.} Nd5 19. Bxd5 Bxd5 20. b4 f5 21. Nc5) 18... Qxd1+ 19. Bxd1 Ra8 {[%cal Bb8a8,Ba8a2,Ba2b2][%mdl 32]} 20. Rc1 Ra2 21. b4 Bc4 22. Be2 Bxe2 23. Nxe2 Rb2 24. Ng3 Na7 25. Ne1 Nc8 26. Nd3 Ra2 27. c4 bxc4 28. Rxc4 Ra7 29. Re1 Nd6 30. Rc6 g6 31. f3 Kg7 (31... Nd7 $11) 32. Rec1 $16 Re7 33. R6c5 Ra3 (33... Rb7 $142 34. Nxe5 (34. Rxe5 Rxe5 35. Nxe5 Rxb4 $16) 34... Nd7) 34. Nxe5 Nd7 $2 {[#] Black cannot hold the game after this.} (34... Re8 $16 35. Rd1 Rb3) 35. Rxc7 $18 Rxe5 36. Rxd7 Nb5 37. Ne2 Ra2 38. Nf4 g5 39. Nh5+ Kg6 (39... Kf8 $142 40. Rd8+ Ke7) 40. g4 {[#] White wants to mate with Rc8.} Re6 41. f4 (41. Rc8 $142 Nd6 42. Rg8+ Kh7 43. Rdd8 Ra1+ 44. Kf2 Ra2+ 45. Kg3 Nxe4+ 46. fxe4) 41... Rd6 42. f5+ Kh7 43. Rxf7+ {Accuracy: White = 93%, Black = 56%.} 1-0

[Event "Saint Louis Blitz 2020"]
[Site "Saint Louis"]
[Date "2020.09.18"]
[Round "6"]
[White "Harikrishna, Pentala"]
[Black "Aronian, Levon"]
[Result "1/2-1/2"]
[WhiteElo "2732"]
[BlackElo "2773"]
[Annotator "TA"]
[PlyCount "163"]
[EventDate "2020.09.18"]
[EventType "blitz"]
[EventCountry "USA"]
[SourceTitle "playchess.com"]
[Source "ChessBase"]
[SourceQuality "1"]

{[%evp 11,163,3,3,0,0,0,2,0,0,0,0,0,16,2,19,2,3,-76,-78,-115,-112,-116,-6,-116,-123,-114,-101,-122,-120,-143,-143,-135,-131,-155,-118,-114,-119,-123,-116,-116,-110,-122,-122,-118,-104,-106,-97,-98,-97,-99,-98,-99,-84,-91,-89,-91,-84,-91,-91,-95,-91,-91,-92,-100,-87,-87,-85,-91,-81,-85,0,-88,-81,-91,-83,-106,-80,-92,0,0,0,0,0,0,14,14,14,14,14,14,14,8,14,11,14,14,14,14,15,0,0,0,0,0,0,0,0,0,0,0,0,0,0,0,0,0,0,0,0,0,0,0,0,0,0,0,0,0,0,0,0,0,0,0,0,0,0,0,0,0,0,0,6,6,6,6,6,6,6,6,6,0,0,0]} 1. d4 Nf6 2. Nf3 g6 3. g3 Bg7 4. Bg2 d5 5. O-O O-O 6. Bf4 c5 7. dxc5 {is now debated instead of 7.c3. D02: 1 d4 d5 2 Nf3 sidelines, including 2...Nf6 3 g3 and 2...Nf6 3 Bf4.} Na6 8. c4 Nxc5 9. cxd5 Nxd5 10. Be5 $1 {[%cal Re5g7]} Bxe5 11. Nxe5 {[#]} Nf6 $146 ({Predecessor:} 11... Be6 12. Qd4 Rc8 13. b4 Nd7 14. Nd3 Qb6 15. Qb2 Rc7 16. e4 N5f6 17. Nd2 Qd6 {0-1 (54) Ghasi,A (2459)-Howell,D (2639) Torquay 2013}) 12. Qc1 Qd6 13. Nc4 Qa6 14. b4 {[#]} (14. Qe3 $11 Qxc4 15. Rc1) 14... Nb3 $1 $17 {[%cal Bc5b3,Bb3c1,Bc1e2,Be2d4][%mdl 544]} 15. b5 (15. axb3 Qxa1) 15... Nxc1 16. bxa6 Nxe2+ 17. Kh1 Rb8 18. Nbd2 Nd4 19. axb7 Bxb7 20. Nb3 Bxg2+ 21. Kxg2 Rfc8 22. Nca5 Nc6 23. Nxc6 Rxc6 24. Rac1 Ra6 25. Rc2 Nd5 26. Rd2 e6 27. h4 h5 28. Rc1 Kg7 29. Nd4 Rb4 30. Nf3 Rba4 31. Rcc2 Rb6 32. Ng5 Rb7 33. Rd3 Rab4 34. Rdd2 Rd7 35. Re2 Rbb7 36. Rc8 Rbc7 37. Rb8 Nf6 38. Reb2 Re7 39. Rd8 Rcd7 40. Rc8 Rc7 41. Rd8 $1 Rb7 42. Rc2 Rec7 43. Re2 Rd7 44. Rc8 Rbc7 ({Better is} 44... Nd5 $17 45. Ne4 Rdc7 46. Rxc7 Rxc7) 45. Rxc7 $11 {The position is equal.} Rxc7 {[#]} 46. Rxe6 $1 {[%mdl 4608] Endgame KRN-KRN} Nh7 (46... Nd5 {is more complex.} 47. Ra6 Re7 48. Kf3 Nb4 49. Ra4 Nd3) (46... fxe6 47. Nxe6+) 47. Ra6 Nxg5 48. hxg5 {KR-KR} Kf8 49. Kh3 Ke7 50. f4 Kf8 51. Ra4 Kg7 52. g4 {With the idea gxh5.} hxg4+ 53. Kxg4 Rb7 54. Ra6 Rc7 55. a4 Re7 56. a5 Rc7 57. Kf3 Re7 58. Rc6 Kf8 59. Rc8+ Kg7 60. Rc6 Kf8 61. Rc5 Kg7 62. f5 gxf5 63. Rxf5 Kg6 64. Rc5 Re6 65. Kf4 a6 66. Rd5 Rc6 67. Re5 Rc4+ 68. Kf3 Rc1 69. Rd5 Rc4 70. Rd6+ Kxg5 71. Rxa6 Ra4 72. Ra8 Kf5 73. a6 {[%cal Ba5a6,Ba6a7][%mdl 32]} Ra3+ 74. Ke2 Kf4 75. a7 f5 76. Kd2 Kf3 77. Rf8 Ra2+ 78. Kc3 Ra3+ 79. Kb4 Rxa7 {Threatens to win with ...f4.} 80. Rxf5+ Ke4 81. Ra5 Rxa5 82. Kxa5 {Accuracy: White = 96%, Black = 95%.} 1/2-1/2

[Event "Saint Louis Blitz 2020"]
[Site "Saint Louis"]
[Date "2020.09.18"]
[Round "7"]
[White "Nepomniachtchi, Ian"]
[Black "Harikrishna, Pentala"]
[Result "1/2-1/2"]
[WhiteElo "2784"]
[BlackElo "2732"]
[Annotator "TA"]
[PlyCount "234"]
[EventDate "2020.09.18"]
[EventType "blitz"]
[EventCountry "USA"]
[SourceTitle "playchess.com"]
[Source "ChessBase"]
[SourceQuality "1"]

{[%evp 9,234,29,33,18,38,30,40,32,38,33,41,11,26,0,0,0,34,0,95,95,94,108,114,104,88,95,111,81,155,154,175,94,85,88,93,84,106,106,113,117,119,116,131,89,270,253,247,173,252,125,125,107,118,131,105,92,120,75,75,75,75,75,75,75,75,75,75,75,87,87,88,88,88,8,77,77,77,77,88,88,88,77,88,77,88,88,88,87,88,88,88,88,88,88,88,88,88,88,88,88,88,88,88,88,88,88,88,88,88,88,88,88,88,88,88,88,88,88,88,88,88,88,88,88,88,88,88,88,88,0,88,88,88,88,88,88,88,88,88,88,88,88,88,0,88,88,88,88,88,88,88,88,88,88,88,88,88,88,89,73,88,73,73,73,73,73,73,73,88,73,88,11,73,0,96,73,89,73,88,73,73,73,73,0,88,73,73,73,73,73,73,73,88,73,73,73,88,88,85,0,25,8,25,0,0,0,8,8,8,8,8,8,8,8,8,8,8,8,8,8,8,8,8,0,0,0,0]} 1. b3 d5 2. Bb2 c6 3. d3 Bf5 {[#]} 4. Nd2 $146 ({Predecessor:} 4. Nf3 e6 5. Nbd2 Nd7 6. e4 dxe4 7. dxe4 Bg6 8. g3 Ngf6 9. Qe2 Qc7 10. Nh4 Be7 11. Nxg6 hxg6 {0-1 (32) Goodhue,N (1969)-Timergazi,L Auckland 2012}) 4... h6 5. g3 a5 6. a3 {A01: Nimzowitsch-Larsen Opening.} Nd7 7. Bg2 e6 8. e4 {White is slightly better.} Bh7 9. Qe2 Ngf6 10. e5 Ng8 11. Nh3 $36 {[%mdl 2048] White is pushing.} Ne7 12. Nf4 Qc7 13. Nh5 g6 (13... a4 $11) 14. Nf6+ $16 Nxf6 15. exf6 Nf5 16. O-O g5 17. Nf3 Bd6 18. Ne5 c5 (18... Bc5 $142) 19. Rae1 $1 O-O-O {[#]} 20. b4 (20. c4 $1 $18) 20... Nd4 21. Bxd4 $1 cxd4 {[#]} 22. Nf3 $1 axb4 23. axb4 Bxb4 24. Rb1 Bc5 25. Ra1 Kb8 26. Ra2 e5 $2 (26... Rd6 $16 {might work better.}) 27. Rfa1 {[%csl Ga1][%cal Ra2a8]} ({Much less strong is} 27. Qxe5 $6 Qd6 $18) 27... Qd6 28. Qxe5 {Hoping for Ra5.} Rhe8 (28... g4 $142) 29. Ra8+ (29. Qxd6+ $18 {is the precise move to win.} Bxd6 30. Rb2 (30. Nxd4 Be5 $16)) 29... Kc7 30. Qxe8 Rxe8 31. Rxe8 Qxf6 32. Ne5 Bd6 33. Re1 Bf5 34. Bxd5 Bxe5 35. R8xe5 Kd6 36. Bxb7 Qxe5 37. Rxe5 Kxe5 {[%mdl 4096] Endgame KB-KB} 38. Kf1 f6 39. Ke2 Kd6 40. Kd2 Kc5 41. Be4 (41. c4 $16) 41... Bd7 (41... Bxe4 $11 42. dxe4 g4) 42. c3 dxc3+ 43. Kxc3 Be6 44. d4+ Kd6 45. Kb4 Bf7 46. Kb5 Bd5 47. Bd3 Be6 48. Bc4 {Threatens to win with Bxe6.} Bd7+ 49. Kb4 Bc6 50. Kc3 Be4 51. Kd2 Bf5 52. Ke3 Bg6 53. Bd3 Bf7 54. Bf5 Bd5 55. Be4 Bb3 56. Bb7 Bc2 57. Kf3 Bd1+ 58. Ke4 {And now Kf5 would win.} Bc2+ 59. Ke3 Bb3 60. Bf3 Bf7 61. Be2 Bd5 62. f4 Bc6 63. Bf3 Ba4 64. Be4 Bb3 65. Bd3 Bd5 66. Bc2 Bc6 67. Bb3 Bg2 68. Bd1 Bd5 69. Bc2 Bc6 $1 70. Be4 Ba4 71. Ke2 Bb3 72. Bg6 Bd5 73. Ke3 Bb3 74. Bh5 Bd5 75. Bd1 Bc6 76. Bb3 Bg2 $1 77. Kd2 Be4 78. Kc3 Bc6 79. Bc2 Bd5 80. Kd3 Bc6 81. Ke3 Bd5 82. h4 Bc6 83. Be4 Ba4 84. Bb7 Bc2 85. Kf3 Bd1+ 86. Kg2 Bb3 87. Bf3 Be6 88. Be4 Bb3 89. Kh3 {hxg5 is the strong threat.} Be6+ 90. Kh2 ({Better is} 90. f5 $16 Bf7 91. Kg4) 90... Bc4 (90... gxf4 $11 91. gxf4 f5) 91. Kg2 (91. fxg5 $16 fxg5 92. Kg2) 91... Be6 (91... Bb3 $1 $11 {keeps the balance.}) 92. Kf3 Bd7 93. Bb7 Bf5 94. Ba8 Be6 95. Ke4 Bh3 96. Kf3 ({White should play} 96. Ke3 $16) 96... Bf5 (96... Be6 $11 {remains equal.}) 97. Bb7 Be6 98. Ke4 Bh3 99. Ba6 Bd7 100. Bc4 Bh3 101. Bg8 Bd7 102. Bh7 Be6 103. Bg6 Bd7 104. d5 (104. Bf5 $16 {aiming for Bxd7.} Ba4 105. fxg5 fxg5 106. Ke3) 104... Bh3 105. Bf7 Bd7 106. h5 Bg4 {The position is equal.} 107. Be6 Bxh5 108. Kf5 gxf4 109. gxf4 Ke7 110. d6+ Kxd6 {White should prevent ...Ke7.} 111. Kxf6 Be2 112. Bh3 h5 113. Kg5 Ke7 114. f5 Kf7 115. f6 Bg4 116. Bxg4 hxg4 117. Kxg4 Kxf6 {White really could win this. Accuracy: White = 82%, Black = 87%.} 1/2-1/2

[Event "Saint Louis Blitz 2020"]
[Site "Saint Louis"]
[Date "2020.09.18"]
[Round "7"]
[White "Grischuk, Alexander"]
[Black "Xiong, Jeffery"]
[Result "1/2-1/2"]
[WhiteElo "2777"]
[BlackElo "2709"]
[Annotator "TA"]
[PlyCount "84"]
[EventDate "2020.09.18"]
[EventType "blitz"]
[EventCountry "USA"]
[SourceTitle "playchess.com"]
[Source "ChessBase"]
[SourceQuality "1"]

{[%evp 9,84,5,66,34,42,56,48,50,95,102,99,78,93,86,101,93,93,80,85,72,135,129,242,129,133,131,139,133,153,130,133,0,8,0,0,1,60,23,87,74,102,86,94,0,45,20,15,9,18,0,25,0,25,32,460,70,81,82,91,106,102,68,68,68,106,61,72,47,48,40,47,0,4,0,0,0,0]} 1. d4 g6 2. e4 Bg7 3. Nf3 d6 4. Bd3 Nc6 5. O-O e5 ({Better is} 5... Bxd4 $11 6. Nxd4 Nxd4) 6. dxe5 {B06: Modern Defence.} Nxe5 7. Nxe5 dxe5 8. Bc4 {[#] White is slightly better.} Be6 $146 ({Predecessor:} 8... Qxd1 9. Rxd1 Nf6 10. Nc3 c6 11. a4 b6 12. Rd6 O-O 13. Rxc6 Ne8 14. Bd3 Bb7 {1-0 (34) Ilken,Z (2230)-Dempster,D (1729) ICCF email 2012}) 9. Bxe6 fxe6 10. a4 Nf6 11. f3 Qe7 12. Be3 O-O 13. Nd2 Rfd8 14. Qe2 Bf8 (14... Ne8 $142) 15. Qb5 Nd7 (15... c6 $16 16. Qxe5 Nd7) 16. Nc4 ({White has to play} 16. Qxb7 $18 Rab8 17. Qxa7 (17. Qxc7 Rdc8 $16)) 16... Rab8 $16 17. Bxa7 c6 18. Qb3 b5 19. axb5 cxb5 20. Na5 (20. Ne3 $16 Nc5 21. Bxc5 Qxc5 22. Kh1 (22. Qxe6+ Kh8 $16)) 20... Nc5 $11 21. Bxc5 Qxc5+ 22. Kh1 Rd6 ({Black should play} 22... Rb6 $11) 23. c3 b4 (23... Qc7 $11 {remains equal.}) 24. Qc4 $16 Qb6 25. Qe2 {Nc4 is the strong threat.} bxc3 26. bxc3 (26. Nc4 $16 Qb5 27. Ra5) 26... Qc5 27. h3 (27. Nc4 $5 {[%cal Rc4d6]} Rdd8 28. Ra5 $14) 27... Bh6 28. Qc4 Qb6 29. Qe2 Qc5 30. Qc4 Qb6 31. Qa4 $36 {[%mdl 2048] Hoping for Nc4. White has good play.} Qc5 $2 {[%mdl 8192] [#]} (31... Ra8 $14) 32. Nc4 $2 (32. Nb7 $1 $18 {[%cal Rb7c5][%mdl 512]} Rxb7 33. Qa8+ {[%mdl 64] Double Attack} Bf8 34. Qxb7) 32... Rd3 $14 33. Qa6 Re8 34. Nxe5 Rxc3 35. Ng4 {Black must now prevent Nf6+.} Bg7 36. e5 Qe7 37. Qa5 Rc5 38. Qb4 (38. Qa7 {is interesting.} Qxa7 39. Rxa7 Rec8 40. f4 R8c7 41. Rxc7 Rxc7 42. g3) 38... Bxe5 39. Nxe5 Rxe5 40. Qxe7 Rxe7 {The position is equal.} 41. Rae1 Rxe1 42. Rxe1 Kf7 {Accuracy: White = 57%, Black = 63%.} 1/2-1/2

[Event "Saint Louis Blitz 2020"]
[Site "Saint Louis"]
[Date "2020.09.18"]
[Round "7"]
[White "Dominguez Perez, Leinier"]
[Black "So, Wesley"]
[Result "1/2-1/2"]
[WhiteElo "2758"]
[BlackElo "2770"]
[Annotator "TA"]
[PlyCount "73"]
[EventDate "2020.09.18"]
[EventType "blitz"]
[EventCountry "USA"]
[SourceTitle "playchess.com"]
[Source "ChessBase"]
[SourceQuality "1"]

{[%evp 18,73,2,0,0,3,4,0,6,9,14,0,0,0,0,0,4,6,6,6,7,2,14,0,0,0,0,0,0,0,0,0,0,0,0,0,0,0,0,0,0,0,0,0,0,0,0,0,0,0,0,0,0,0,0,0,0,0]} 1. e4 e5 2. Nf3 Nc6 3. Bb5 Nf6 4. O-O Nxe4 5. Re1 Nd6 6. Nxe5 Be7 7. Bd3 Nxe5 8. Rxe5 O-O 9. Nc3 Bf6 10. Re3 {[#] Hoping for Bxh7+!The position is equal.} Bg5 {C67: Ruy Lopez: Berlin Defence: 4 0-0 Nxe4.} 11. Re1 b6 {[#]} 12. Bf1 $146 ({Predecessor:} 12. b3 Bb7 13. Ba3 c5 14. Bb2 f5 15. Be2 Bf6 16. Na4 Bxb2 17. Nxb2 Qf6 18. Nc4 {0-1 (60) Looshnikov,N (2425)-Lysyj,I (2618) Cheliabinsk 2017}) 12... Bb7 13. d4 Bxc1 14. Qxc1 Qf6 15. Qd2 Rae8 16. Nb5 Nxb5 17. Bxb5 Bc6 18. Bf1 d5 19. c3 Bd7 20. Rxe8 (20. Qd3 {seems wilder.} Qc6 21. Qa6 Qa8 22. g3 c6 23. Rac1) 20... Rxe8 21. Re1 Rxe1 22. Qxe1 Qe6 23. Qxe6 Bxe6 $11 {[%mdl 4096] Endgame KB-KB} 24. Bd3 g5 25. g3 h6 26. f3 Kf8 27. Kf2 Ke7 28. Ke3 Kd6 29. a3 a5 30. f4 f6 31. Bc2 Bd7 32. Bd3 Be6 33. b4 Bd7 34. Bc2 Be6 35. Bd3 Bd7 36. Bc2 Be6 37. Bd3 {A rather calm draw. Accuracy: White = 100%, Black = 100%.} 1/2-1/2

[Event "Saint Louis Blitz 2020"]
[Site "Saint Louis"]
[Date "2020.09.18"]
[Round "7"]
[White "Firouzja, Alireza"]
[Black "Carlsen, Magnus"]
[Result "0-1"]
[WhiteElo "2728"]
[BlackElo "2863"]
[Annotator "TA"]
[PlyCount "140"]
[EventDate "2020.09.18"]
[EventType "blitz"]
[EventCountry "USA"]
[SourceTitle "playchess.com"]
[Source "ChessBase"]
[SourceQuality "1"]

{[%evp 9,140,20,14,22,15,18,25,4,0,0,0,-28,-32,-43,-34,-31,-8,-45,-31,-44,-40,-77,-36,-48,-35,-53,0,-44,-28,-47,-21,-25,-22,-36,-34,-41,-41,-34,-46,-52,-12,-67,-57,-57,-46,-60,-29,-54,-15,-40,0,0,38,33,38,31,55,35,85,49,129,119,325,233,395,387,395,325,387,67,241,-17,209,196,959,975,954,953,1002,1134,720,1074,1003,983,1238,1734,2067,2011,1848,1802,1345,1647,1016,1525,1189,-50,-55,-428,-408,-416,-376,-406,-291,-283,-196,-458,-213,-236,-244,-367,-361,-357,-345,-325,-179,-404,-277,-367,-338,-29990,-29991,-29991,-29992,-29992,-12847,-29995,-29996,-29996,-29997,-29997,-29998,-29998,-29999]} 1. e4 e5 2. Nf3 Nc6 3. Bb5 Nf6 4. d3 Bc5 5. Bxc6 dxc6 6. O-O {C65: Ruy Lopez: Berlin Defence (3...Nf6), unusual lines and 4 0-0 Bc5.} (6. Qe2 {looks sharper.} Qe7 7. O-O Bg4 8. h3 Bh5 9. Re1) 6... Bg4 7. h3 Bh5 8. Nbd2 {White has an edge.} Nd7 9. Nc4 f6 {[#]} 10. Rb1 $146 ({Predecessor:} 10. c3 a5 11. Ne3 Bxe3 12. Bxe3 Qe7 13. Qb3 Bxf3 14. gxf3 b6 15. Qc4 Qd6 16. d4 {½-½ (34) Cruzado Duenas,C (2602)-Almiron,L (2598) ICCF email 2012}) 10... a5 11. Bd2 b6 12. Be3 Be7 13. b3 Nc5 14. a4 Ne6 15. Qe2 c5 16. c3 Qd7 17. Rfd1 Rd8 (17... O-O-O $15) 18. Rb2 (18. g4 $5 {[%cal Rg4h5]} Bf7 19. d4 $11) 18... Qc8 19. Rbd2 $1 O-O 20. g4 $1 {[%cal Rg4h5]} Bf7 21. Nh4 g6 22. Ng2 g5 23. f3 h5 24. Bf2 Kh7 25. Nce3 (25. Nge3 $11) 25... Rh8 $15 26. Nf5 Bf8 27. d4 cxd4 28. cxd4 hxg4 29. hxg4 Bb4 30. d5 Ng7 31. Rc2 Nxf5 32. gxf5 Qd7 33. Ne3 Kg7 34. Rdc1 Rc8 (34... Bd6 $14) 35. Rc6 $1 $16 Rh3 $2 (35... Ba3 $16) 36. Kg2 $18 Rch8 $2 (36... Rhh8 {is a better defense.} 37. Qc2 b5 38. axb5 Rb8) 37. Ng4 Bd6 38. Bg3 R3h7 39. Qb2 $2 (39. Qc2 $18) 39... Qe7 $2 ({Black should try} 39... Re8 $1 $14) 40. R1c4 $2 (40. Qc2 $18) 40... Bh5 $2 (40... Be8 $11 {and Black stays safe.}) 41. Qc3 Bxg4 $2 (41... Kf8) 42. Rxc7 Bh3+ 43. Kf2 Bxc7 44. Rxc7 Kh6 45. Rxe7 Rxe7 46. d6 Rd7 {[#]} 47. Bxe5 $1 {[%mdl 512]} fxe5 48. Qxe5 Kh7 49. Qf6 {[%csl Gf5][%cal Rf6g6]} Rg8 50. e5 Rgg7 51. Kg3 Rdf7 {[#]} 52. Qd8 $2 (52. Qxf7 $1 $18 {[%mdl 512] White threatens Qh5+ and mate.} Rxf7 53. Kxh3) 52... Bxf5 $15 53. Qe8 $2 {[%mdl 8192]} (53. Qxb6 $15 g4 54. Qxa5) 53... Bd7 $19 54. Qa8 Rg6 55. Qb7 Re6 56. Qe4+ Kg7 57. Qe3 $2 {[#]} (57. Qd4) 57... Rf5 (57... g4 $142 $1 58. f4 (58. fxg4 Rg6) 58... Rh6) 58. Qxb6 Rexe5 59. Qa7 (59. b4 {keeps fighting.} axb4 60. Qa7) 59... Rf7 60. Qd4 {[#]} Kf6 $1 61. b4 axb4 ({Inferior is} 61... Bxa4 62. bxa5 Bc6 63. Qb6 $11) (61... Ke6 $142 {Hoping for ...Rf4.} 62. bxa5 Rxa5 63. Qe3+ Re5 64. Qb3+ Kf6) 62. Qxb4 $2 (62. a5) 62... Kg6 63. a5 {[#]} Re3 $1 64. a6 $2 (64. Qb1+ $19 Kh6 65. Qh1+ Kg6 66. Qb1+ Kg7 67. Qd1) 64... Rexf3+ 65. Kg2 Rf2+ 66. Kg1 Rf1+ (66... Bc6 $142 67. Qb1+ Kg7 68. Qc1 Rg2+ 69. Kh1 Rc2+ {[%mdl 64] Discovered Attack} 70. Kg1 Rxc1+ 71. Kh2 Rc3 72. d7 Rf1 73. d8=Q Rh1#) 67. Kg2 Bc6+ {Black mates.} 68. Kg3 R7f3+ 69. Kh2 R3f2+ 70. Kg3 Rg2+ {Never resign too early! Accuracy: White = 57%, Black = 53%.} 0-1

[Event "Saint Louis Blitz 2020"]
[Site "Saint Louis"]
[Date "2020.09.18"]
[Round "8"]
[White "Carlsen, Magnus"]
[Black "Dominguez Perez, Leinier"]
[Result "1-0"]
[WhiteElo "2863"]
[BlackElo "2758"]
[Annotator "TA"]
[PlyCount "157"]
[EventDate "2020.09.18"]
[EventType "blitz"]
[EventCountry "USA"]
[SourceTitle "playchess.com"]
[Source "ChessBase"]
[SourceQuality "1"]

{[%evp 9,157,4,18,17,26,27,13,-12,-2,-8,13,-22,0,0,0,0,0,0,0,4,16,9,16,9,17,-14,-9,-12,27,21,20,14,35,35,35,39,33,23,17,24,156,133,256,277,275,271,263,260,269,169,517,244,497,486,497,490,480,230,243,237,225,46,44,45,64,66,62,55,50,50,60,26,64,28,28,28,22,-424,0,0,58,54,53,-166,0,-131,94,94,94,94,94,94,94,94,94,94,94,94,94,94,94,94,94,94,94,94,94,92,117,118,133,133,133,132,132,126,153,153,153,119,153,153,153,153,217,217,217,217,217,217,217,217,217,217,217,116,5390,116,124,116,123,116,116,116,29979,29980,29980,29981,29981,29982]} 1. d4 Nf6 2. Nf3 d5 3. Bf4 e6 4. Nbd2 Bd6 5. Bg5 h6 6. Bxf6 {D02: 1 d4 d5 2 Nf3 sidelines, including 2...Nf6 3 g3 and 2...Nf6 3 Bf4.} Qxf6 7. e4 {And now e5 would win.} Qd8 8. e5 {The position is equal.} Be7 9. c3 c5 10. Bd3 {[#]} cxd4 $146 ({Predecessor:} 10... Nc6 11. Rc1 cxd4 12. cxd4 Qb6 13. Qb3 Nxd4 14. Nxd4 Qxd4 15. Bb5+ Kf8 16. O-O Qb4 17. Rc2 Qxb3 18. Nxb3 {0-1 (45) Taylor,K-Kuhns,D (1840) Orlando 2014}) 11. Nxd4 Nc6 12. N2f3 Qb6 13. Qe2 Bd7 14. O-O g5 15. Nxc6 bxc6 16. b3 g4 17. Nd2 h5 18. Kh1 $1 f5 19. exf6 $1 Bxf6 20. Rac1 Qc7 21. f4 O-O 22. Bg6 Be8 23. Qxe6+ Kg7 24. Bb1 Bd7 (24... Bg6 $11 25. Bxg6 Kxg6) 25. Qe3 $40 {[%mdl 128] White attacks with force.} Rae8 (25... Rf7 $16 {is a better defense.} 26. c4 (26. Qd3 Rh8 $16) 26... Qa5 27. cxd5 (27. Qd3 Kf8 $16) 27... cxd5) 26. Qd3 $18 {[%csl Gb1][%cal Rd3h7]} Rf7 27. Qg6+ Kf8 28. Qxh5 Re2 29. Bg6 Rg7 $2 (29... Rfe7) 30. Rce1 (30. Qh8+ $142 Ke7 31. Rce1) 30... Re6 $2 (30... Rge7 {might work better.} 31. Rxe2 Rxe2 32. Qh6+ (32. Qh7 Re7 $18) 32... Ke7) 31. Qh8+ Rg8 32. Qh6+ ({Less strong is} 32. Qh7 Rg7 $18) 32... Bg7 33. Qh5 (33. Qg5 $142 Bxc3 34. f5 Rxe1 35. Rxe1) 33... Rh8 34. Qf5+ Rf6 35. Qg5 $2 (35. Qxg4 $1 $18 {aiming for h3.} Bh6 36. Qh5) 35... Qd6 $14 36. Bd3 Bh6 37. Qe5 Qxe5 38. fxe5 Rxf1+ 39. Nxf1 Be6 40. Ne3 Ke7 41. Nf5+ Bxf5 $1 42. Bxf5 $11 {[%mdl 4096] Endgame KRB-KRB} g3 43. Re2 $2 {[%mdl 8192]} (43. Bh3 $11 {and White stays safe.}) 43... Bf4 $2 (43... Rf8 $19 44. hxg3 Rxf5) 44. h3 Rh5 ({Black should play} 44... Rf8 $11 45. Bg4 Bd2) 45. Bg4 $14 Rxe5 46. c4 $2 (46. Kg1 $14 {stays ahead.}) 46... dxc4 $2 ({Better is} 46... Be3 $1 $19 {Hoping for ...d4.} 47. cxd5 cxd5) 47. bxc4 (47. Kg1 $11 {keeps the balance.}) 47... c5 $2 (47... Be3 $1 $17 {and life is bright.}) 48. Rxe5+ $1 $16 Bxe5 {KB-KB} 49. Kg1 Kf6 50. Kf1 Kg5 51. Ke2 Kf4 52. Bf3 Bf6 53. Kd3 Ke5 54. Kc3 Kd6+ 55. Kb3 Kc7 56. Bd5 Bg5 57. Kc3 Kd6 58. Ba8 Bf6+ 59. Kd3 Ke5 60. Ke3 Kf5 61. Kf3 Be5 62. h4 Bd6 63. Be4+ Kf6 64. Kg4 Be5 65. h5 Bd6 66. h6 Bc7 (66... Be5 $16 {keeps fighting.} 67. Bd3 Bc7) 67. h7 $1 $18 {[%cal Rh7h8]} Kg7 68. Kf3 a5 69. Bc2 Be5 70. Ke4 Bc3 71. Kf4 Be1 72. Ke5 (72. a3 $18) 72... Kh8 $2 {[%mdl 8192] [#]} (72... Bc3+ $16 73. Kd5 Bb4) 73. Kd5 $2 (73. a3 $1 $18 Kg7 74. Kd6) 73... Bb4 $16 74. Kc6 Kg7 75. Kb5 Kh8 76. Ka4 {Threatens to win with a3.} Kg7 $2 {[%mdl 8192] [#]} (76... Bc3 $16 77. Bd3 Kg7) 77. a3 $1 {[%cal Ba2a3,Ba3a4][%mdl 32] White mates.} Bd2 78. Kb5 Bc1 79. a4 {What a fight! Accuracy: White = 64%, Black = 62%.} 1-0

[Event "Saint Louis Blitz 2020"]
[Site "Saint Louis"]
[Date "2020.09.18"]
[Round "8"]
[White "Aronian, Levon"]
[Black "Nepomniachtchi, Ian"]
[Result "1/2-1/2"]
[WhiteElo "2773"]
[BlackElo "2784"]
[Annotator "TA"]
[PlyCount "46"]
[EventDate "2020.09.18"]
[EventType "blitz"]
[EventCountry "USA"]
[SourceTitle "playchess.com"]
[Source "ChessBase"]
[SourceQuality "1"]

{[%evp 21,46,12,18,0,0,0,8,0,20,0,0,0,0,-4,0,0,0,0,0,0,0,0,0,0,0,0,0]} 1. d4 Nf6 2. c4 g6 3. Nc3 d5 4. Bf4 Bg7 5. e3 O-O 6. cxd5 Nxd5 7. Nxd5 Qxd5 8. Bxc7 Na6 9. Bxa6 Qxg2 10. Qf3 Qxf3 11. Nxf3 bxa6 {The position is equal.} 12. O-O {D84: Grünfeld: 4 Bf4 Bg7 5 e3 0-0 6 cxd5.} f6 13. Nd2 Bb7 14. Rfc1 Rac8 {[#]} 15. Ba5 $146 ({Predecessor:} 15. Nb3 Bd5 16. Rc5 e5 17. Rac1 Bxb3 18. axb3 exd4 19. exd4 f5 20. d5 Rf7 21. d6 {½-½ (59) Reimanis,R (2370)-Alboredo,J (2190) Caleta 2020}) 15... e5 16. Bb4 Rfd8 17. Be7 Rxc1+ 18. Rxc1 Rd7 19. Bc5 f5 {[%cal Re5d4]} 20. Nb3 Bd5 21. dxe5 Bxb3 22. axb3 {[#] And now Bd4 would win.} Bxe5 23. Ra1 Rb7 {An uneventful encounter. Accuracy: White = 100%, Black = 100%.} 1/2-1/2